00918nam a22002177a 45000010005000000030006000050050017000110080041000280200018000690400029000870500013001161000021001292450063001502600042002133000050002555050008003055200295003135210029006085210020006377000043006576991FISKH20251212150758.0250616b cb ||||| |||| 00| 0 eng d a9781595152619 aFISKHbengcFISKHdFISKH aQL49.M58 aMitten, Luana K. aSorting it all out /cby Luana K.Mitten and Mary M. Wagner aFlorida :bRourke Publishing ,c2004. a16 pages :bcolor illustrations ;c16x19 cm . aF  aThe book compares the attributes of vertebrates and invertebrates, helping children understand how scientists group animals by their physical traits. For example, it explains that a wolf has live babies, fur, four legs, and bones, classifying it as a mammal, similar to a cat, dog, or horse8 a300 bLexile estimate 8 aF bRaz-Plus  aFreeman, Marcia S.eConsulting Editor